Word Scramble - Asian Countries - Statistics

General Stats
  • This quiz has been taken 24 times
  • The average score is 17 of 20
Answer Stats
Country % Correct
Cyprus
100%
Georgia
100%
India
100%
Iran
100%
Israel
100%
Jordan
100%
Kazakhstan
100%
Laos
100%
Nepal
100%
Oman
100%
Qatar
100%
Syria
100%
Turkey
100%
Turkmenistan
100%
Yemen
100%
Kuwait
90%
Philippines
90%
Azerbaijan
89%
Iraq
89%
Japan
89%
Vietnam
89%
China
87%
Afghanistan
86%
Kyrgyzstan
86%
Bhutan
85%
Myanmar
85%
Indonesia
82%
Uzbekistan
82%
Singapore
80%
Brunei
78%
Thailand
78%
Maldives
77%
Bahrain
75%
Malaysia
75%
Bangladesh
71%
Cambodia
70%
Pakistan
70%
Tajikistan
70%
Armenia
67%
Mongolia
67%
Lebanon
56%
No matching quizzes found
Score Distribution
Percent of People with Each Score
Percentile by Number Answered
Your Score History
You have not taken this quiz